000 00307nam a2200133Ia 4500
005 20251222153547.0
008 251222s9999||||xx |||||||||||||| ||spa||
020 _a8492052236
082 _a363.45/M61
245 0 _aDrogas
250 _a1ra. ed.
264 _bMinisterio de Sanidad y Consumo
942 _cLIB
999 _c30688
_d30688